ბათუმის შოთა რუსთაველის სახელმწიფო უნივერსიტეტის ბიბლიოთეკა

ტურიზმის საფუძვლები : (ბიბ.ჩანაწერი № 36567)

000 -ლიდერი
ფიქსირებული სიგრძის საკონტროლო ველი 01227nam a2200205Ia 4500
001 - საკონტროლო ნომერი
საკონტროლო ველი 2486
003 - საკონტროლო ნომრის იდენტიფიკატორი
საკონტროლო ველი GE_BSU
005 - ბოლო ოპერაციის თარიღი და დრო
საკონტროლო ველი 20221229155640.0
008 - ფიქსირებული სიგრძის მონაცემთა ელემენტები - ზოგადი ინფორმაცია
ფიქსირებული სიგრძის საკონტროლო ველი 181216s2010||||ge |||||||||||||| ||geo||
040 ## - კატალოგიზაციის წყარო
Transcribing agency GE_BSU
041 ## - ენის კოდი
Language code of text/sound track or separate title geo
080 ## - უნივერსალური ათობითი კლასიფიკაციის ინდექსი
Universal Decimal Classification number 338.48(075.8) ტ–92
245 ## - ცნობა სათაურის შესახებ
Title ტურიზმის საფუძვლები :
Remainder of title (დამხმარე სასწავლო– მეთოდური სახელმძღვანელო /
Statement of responsibility, etc ილია ჭავჭავაძის სახ უნ–ტი ბიზნესის და სამართლის ფაკ–უტი ტურიზმის მენეჯმენტის ცენტრი.
245 ## - ცნობა სათაურის შესახებ
Remainder of title (დამხმარე სასწავლო– მეთოდური სახელმძღვანელო ილია ჭავჭავაძის სახ უნ–ტი ბიზნესის და სამართლის ფაკ–უტი ტურიზმის მენეჯმენტის ცენტრი
264 ## - წარმოების, გამოცემის, დისტრიბუციის და სხვა ცნობები
გამოცემის, წარმოების, დისტრიბუციის... თარიღი 2010.
300 ## - ფიზიკური აღწერა
Extent 128 გვ.
653 ## - INDEX TERM--UNCONTROLLED
Uncontrolled term ტურიზმის საფუძვლები.
942 ## - ADDED ENTRY ELEMENTS (KOHA)
Koha item type წიგნი
Source of classification or shelving scheme
ეგზემპლარები
ჩამოწერის სტატუსი დაკარგული ეგზემპლარის სტატუსი კლასიფიკაციის წყარო ან თაროზე გაწყობის სქემა დაზიანების სტატუსი არ გაიცემა მუდმივი მდებარეობა (დაცვის ადგილი) ამჟამინდელი ადგილსამყოფელი თაროზე განთავსების ადგილი შეძენის თარიღი ღირებულება, შესყიდვის ნორმალური ფასი სრული შენახვის შიფრი შტრიხკოდი ბოლო ოპერაციის თარიღი ეგზემპლარის მიმდევრობითი ნომერი (კეტერი?) ფასის ძალაში შესვლის თარიღი ეგზემპლარის სახეობა საჯარო შენიშვნა
          ბათუმის შოთა რუსთაველის სახელმწიფო უნივერსიტეტის მთავარი ბიბლიოთეკა ბათუმის შოთა რუსთაველის სახელმწიფო უნივერსიტეტის მთავარი ბიბლიოთეკა წიგნსაცავი 2018-12-17 8.00 338.48(075.8) ტ–92 1011 2018-12-17 1011 2018-12-17 წიგნი 8 ლ.